From Wallmapu to Palestine the symbolic entanglement of Mapuche and Palestinian decolonization in the context of the October 7 Gaza war : [abstract] /

Elmentve itt :
Bibliográfiai részletek
Szerző: Nagy Gergő Máté
Testületi szerző: V. South America International Conference
Dokumentumtípus: Könyv része
Megjelent: Hispanisztika Alapítvány Szeged 2025
Sorozat:South America International Conference 5
Kulcsszavak:Gázai háború - előadáskivonat, Palesztina története - 21. sz. - előadáskivonat, Izrael története - 21. sz. - előadáskivonat
Tárgyszavak:
Online Access:http://acta.bibl.u-szeged.hu/86732
LEADER 01062naa a2200217 i 4500
001 acta86732
005 20250307134856.0
008 250307s2025 hu o 100 eng d
020 |a 978-963-688-036-1 
040 |a SZTE Egyetemi Kiadványok Repozitórium  |b hun 
041 |a eng 
100 1 |a Nagy Gergő Máté 
245 1 5 |a From Wallmapu to Palestine  |h [elektronikus dokumentum] :  |b the symbolic entanglement of Mapuche and Palestinian decolonization in the context of the October 7 Gaza war : [abstract] /  |c  Nagy Gergő Máté 
260 |a Hispanisztika Alapítvány  |b Szeged  |c 2025 
300 |a 26 
490 0 |a South America International Conference  |v 5 
650 4 |a Társadalomtudományok 
650 4 |a Politikatudomány 
695 |a Gázai háború - előadáskivonat, Palesztina története - 21. sz. - előadáskivonat, Izrael története - 21. sz. - előadáskivonat 
711 |a V. South America International Conference  |c Budapest  |d 2025. február 28- március 1. 
856 4 0 |u http://acta.bibl.u-szeged.hu/86732/1/south_america_ic_005_026.pdf  |z Dokumentum-elérés